<?xml version="1.0" encoding="UTF-8"?>
<record
    xmlns:xsi="http://www.w3.org/2001/XMLSchema-instance"
    xsi:schemaLocation="http://www.loc.gov/MARC21/slim http://www.loc.gov/standards/marcxml/schema/MARC21slim.xsd"
    xmlns="http://www.loc.gov/MARC21/slim">

  <leader>02554nam a2200349 i 4500</leader>
  <controlfield tag="003">DO-SdBNP</controlfield>
  <controlfield tag="005">20240722111545.0</controlfield>
  <controlfield tag="006">a||||gr|||| 00| 0 </controlfield>
  <controlfield tag="007">ta</controlfield>
  <controlfield tag="008">240722t2012    dr ||||| |||| 00| e spa d</controlfield>
  <datafield tag="020" ind1=" " ind2=" ">
    <subfield code="a">9789945492095 </subfield>
  </datafield>
  <datafield tag="040" ind1=" " ind2=" ">
    <subfield code="a">DO-SdBNP</subfield>
    <subfield code="b">spa</subfield>
    <subfield code="c">BNPHU</subfield>
    <subfield code="e">rda</subfield>
  </datafield>
  <datafield tag="082" ind1=" " ind2="4">
    <subfield code="2">22</subfield>
    <subfield code="b">J27d</subfield>
  </datafield>
  <datafield tag="100" ind1="1" ind2=" ">
    <subfield code="a">James, Daniel </subfield>
    <subfield code="d">1914</subfield>
    <subfield code="e">autor</subfield>
    <subfield code="9">86146</subfield>
  </datafield>
  <datafield tag="245" ind1="1" ind2="0">
    <subfield code="a">Detr&#xE1;s de la cortina de az&#xFA;car /</subfield>
    <subfield code="c">Daniel James; Asesor, Bernardo Vega; editor, Le&#xF3;n F&#xE9;lix Batista.</subfield>
  </datafield>
  <datafield tag="264" ind1=" " ind2="4">
    <subfield code="a">Santo Domingo :</subfield>
    <subfield code="b">Editorial Nacional,</subfield>
    <subfield code="c">&#xA9;2012</subfield>
  </datafield>
  <datafield tag="300" ind1=" " ind2=" ">
    <subfield code="a">76 p&#xE1;ginas :</subfield>
    <subfield code="c">23 cm.</subfield>
  </datafield>
  <datafield tag="336" ind1=" " ind2=" ">
    <subfield code="2">rdacontent</subfield>
    <subfield code="a">texto</subfield>
    <subfield code="b">txt</subfield>
  </datafield>
  <datafield tag="337" ind1=" " ind2=" ">
    <subfield code="2">rdamedia</subfield>
    <subfield code="a">sin mediaci&#xF3;n</subfield>
    <subfield code="b">n</subfield>
  </datafield>
  <datafield tag="338" ind1=" " ind2=" ">
    <subfield code="2">rdacarrier</subfield>
    <subfield code="a">volumen</subfield>
    <subfield code="b">nc</subfield>
  </datafield>
  <datafield tag="490" ind1="0" ind2=" ">
    <subfield code="a">30 de Mayo: Puerta a la Libertad</subfield>
  </datafield>
  <datafield tag="500" ind1=" " ind2=" ">
    <subfield code="a">Incluye datos biogr&#xE1;ficos del autor en la solapa de la cubierta.</subfield>
  </datafield>
  <datafield tag="505" ind1=" " ind2=" ">
    <subfield code="a">P&#xF3;logo.</subfield>
    <subfield code="t">Detr&#xE1;s de la Cortina de Az&#xFA;car.--</subfield>
    <subfield code="t">Resoluciones del movimiento sindical libre y democr&#xE1;tico contra la dictura de Rafael Leonidas Trujillo. Resoluci&#xF3;n de I Congreso de la O.R.I.T. relativa a la situaci&#xF3;n sindical en la Rep&#xFA;blica Dominicana. M&#xE9;xico, D. F. enero 12. de 1951.--</subfield>
    <subfield code="t">Resoluciones del III Congreso de la O.R.I.T. sobre "solidaridad con las v&#xED;ctimas de las dictaduras. R&#xED;o de janeiro, Brasil, 12-17 de diciembre de 1952.--</subfield>
    <subfield code="t">Resoluciones del III Congreso continental de la O.R.I.T. sobre la situaci&#xF3;n de la obrera dominicana presentada por el "Comit&#xE9; Obrero Domocr&#xE1;tico Dominicano en Exilio". San Jos&#xE9;, Costa Rica. 13-17 de abril de 1955.--</subfield>
    <subfield code="t">Resoluciones del III Congreso continental de la O.R.I.T. celebrado en San Jos&#xE9; de Costa Rica, del 13 al 17 de abril de 1955 por el secuestro y asesinato de Mauricio B&#xE1;ez.--</subfield>
    <subfield code="t">Declaraci&#xF3;n de la O.R.I.T. sobre la desaparici&#xF3;n del prof. Jes&#xFA;s de Gal&#xED;ndez.--</subfield>
    <subfield code="t">Resoluci&#xF3;n del IX Congreso Nacional de la Confederaci&#xF3;n de Trabajador de Cuba (C.T.C.).--</subfield>
    <subfield code="t">Confederaci&#xF3;n Internacional de Organizaciones Sindicales Libres, Consejo Ejecutivo Bruselas, 2-7 de julio de 1956. Resoluci&#xF3;n sobre la Rep&#xFA;blica Dominicana solicitada por la O.R.I.T.--</subfield>
  </datafield>
  <datafield tag="590" ind1=" " ind2=" ">
    <subfield code="a">Inventariado 2024 / MF</subfield>
  </datafield>
  <datafield tag="650" ind1=" " ind2="4">
    <subfield code="a">Dictadura de Trujillo</subfield>
    <subfield code="9">85510</subfield>
    <subfield code="z">Rep&#xFA;blica Dominicana</subfield>
  </datafield>
  <datafield tag="650" ind1=" " ind2="4">
    <subfield code="a">Clase Obrera</subfield>
    <subfield code="x">Dictadura de Trujillo</subfield>
    <subfield code="z">Rep&#xFA;blica Dominicana</subfield>
    <subfield code="9">16144</subfield>
  </datafield>
  <datafield tag="650" ind1=" " ind2="4">
    <subfield code="a">Asesinato</subfield>
    <subfield code="y">Era de Trujillo, 1930-1961</subfield>
    <subfield code="z">Rep&#xFA;blica Dominicana</subfield>
    <subfield code="9">16407</subfield>
  </datafield>
  <datafield tag="651" ind1=" " ind2="4">
    <subfield code="a">Rep&#xFA;blica Dominicana</subfield>
    <subfield code="x">Pol&#xED;tica y Gobierno</subfield>
    <subfield code="y">Era de Trujillo, 1930-1961</subfield>
    <subfield code="9">1374</subfield>
  </datafield>
  <datafield tag="700" ind1="1" ind2=" ">
    <subfield code="a">Batista, Le&#xF3;n F&#xE9;lix,</subfield>
    <subfield code="d">1964-</subfield>
    <subfield code="9">12031</subfield>
    <subfield code="e">editor</subfield>
  </datafield>
  <datafield tag="700" ind1=" " ind2="2">
    <subfield code="a">Vega, Bernardo,</subfield>
    <subfield code="d">1938 -</subfield>
    <subfield code="9">3222</subfield>
  </datafield>
  <datafield tag="942" ind1=" " ind2=" ">
    <subfield code="2">ddc</subfield>
    <subfield code="c">LBS1</subfield>
  </datafield>
  <datafield tag="952" ind1=" " ind2=" ">
    <subfield code="0">0</subfield>
    <subfield code="1">0</subfield>
    <subfield code="2">ddc</subfield>
    <subfield code="5">1</subfield>
    <subfield code="7">0</subfield>
    <subfield code="8">PD</subfield>
    <subfield code="a">BNPHU</subfield>
    <subfield code="b">BNPHU</subfield>
    <subfield code="c">CT</subfield>
    <subfield code="d">2023-07-22</subfield>
    <subfield code="e">Perteneci&#xF3; a la biblioteca personal de Emilio Cordero Michel / Presidencia de la Rep&#xFA;blica</subfield>
    <subfield code="l">0</subfield>
    <subfield code="o">J27d</subfield>
    <subfield code="p">2024-4491</subfield>
    <subfield code="r">2024-07-22</subfield>
    <subfield code="w">2024-07-22</subfield>
    <subfield code="y">LBS1</subfield>
  </datafield>
  <datafield tag="999" ind1=" " ind2=" ">
    <subfield code="c">57325</subfield>
    <subfield code="d">57325</subfield>
  </datafield>
</record>
